|
|
|
|
| LEADER |
00000nam0a2200000 4500 |
| 001 |
146464 |
| 005 |
20231101221228.0 |
| 010 |
|
|
|a 9785222147399
|
| 035 |
|
|
|a (RuTPU)RU\TPU\book\158761
|
| 090 |
|
|
|a 146464
|
| 100 |
|
|
|a 20081029d2008 k y0rusy50 ca
|
| 101 |
0 |
|
|a rus
|
| 102 |
|
|
|a RU
|
| 105 |
|
|
|a y n 000zy
|
| 200 |
1 |
|
|a Конституция Российской Федерации. Государственный флаг РФ, Государственный герб РФ, Государственный гимн РФ
|
| 210 |
|
|
|a Ростов-на-Дону
|c Феникс
|d 2008
|
| 215 |
|
|
|a 62 с.
|
| 225 |
1 |
|
|a Закон и общество
|
| 300 |
|
|
|a Принята всенародным голосованием 12 декабря 1993 года.
|
| 606 |
1 |
|
|a Конституция Российской Федерации
|2 stltpush
|3 (RuTPU)RU\TPU\subj\67771
|9 83437
|
| 610 |
1 |
|
|a право
|
| 610 |
1 |
|
|a государственное право
|
| 610 |
1 |
|
|a конституционное право
|
| 610 |
1 |
|
|a Российская Федерация
|
| 610 |
1 |
|
|a Конституция
|
| 610 |
1 |
|
|a государственный флаг
|
| 610 |
1 |
|
|a государственный герб
|
| 610 |
1 |
|
|a государственный гимн
|
| 686 |
|
|
|a Х620.12
|v LBC/SL-A
|2 rubbk
|
| 801 |
|
1 |
|a RU
|b 63413507
|c 20081029
|g PSBO
|
| 801 |
|
2 |
|a RU
|b 63413507
|c 20200515
|g PSBO
|
| 942 |
|
|
|c BK
|
| 959 |
|
|
|a 97/20081029
|d 3
|e 11,00
|f АНЛ:2
|f ЧЗГЛ:1
|